| 000 | 00650nam a22001817a 4500 | ||
|---|---|---|---|
| 999 |
_c19572 _d19572 |
||
| 003 | AR-CdUCM | ||
| 008 | 190518b ||||| |||| 00| 0 spa d | ||
| 040 |
_aMUNICIPALIDAD PROVINCIAL DEL CUSCO _cBIBLIOTECA MUNICIPAL DEL CUSCO |
||
| 082 |
_a348.41 / _bC73 |
||
| 110 |
_aComisión para la reforma agraria y la vivienda _940989 |
||
| 245 | _aLa reforma agraria en el Perú / | ||
| 260 |
_aLima : _bCPRAV, _c1960. |
||
| 300 |
_a231 páginas ; _c22 cm. |
||
| 505 | _aPlanteamiento y bases de la reforma agraria en el Perú -- Contenido del proyecto de la reforma agraria.... | ||
| 650 |
_aReforma agraria. _91861 |
||
| 942 |
_2ddc _cLIBROS |
||
| 945 | _awfj | ||